000 00457nam a22001697a 4500
999 _c27354
_d27354
003 BDDh-ASL
005 20231015030746.0
008 211102n ii ||||| |||| 00| 0 u d
040 _aBDDh-ASL
_cBDDh-ASL
082 _a297.3
_bSAI
100 1 _95577
_aSarwar, Ghulam
245 1 0 _aIslahul Momenin : / اصلاح المومنين
260 _aKolkata :
_bMujtabai Press ,
300 _a244 p. :
_c25 cm.
650 0 _91652
_aIslam
942 _2ddc
_cBK